000 00299nam a2200145Ia 4500
100 _aSingh/D.K
942 _cBK
366 _f20
245 _aJust in time:Concepts and practices
260 _bAne Books India
_c2009
082 _a658.5
_bSIN
300 _a150
546 _aENGLISH
999 _c29305
_d29305